Elenca la formazione - Quiz n°309 - Statistics

Statistiche generali
  • Questo quiz è stato fatto 77 volte
  • Il punteggio medio è 6 su 11
Statistiche sulle risposte
Ruolo Club dell'epoca Calciatore % Corretto
Portiere Tottenham Hugo Lloris
99%
Attaccante Real Madrid Karim Benzema
96%
Centrocampista Juventus Paul Pogba
93%
Difensore Real Madrid Raphaël Varane
92%
Centrocampista Paris Saint-Germain Blaise Matuidi
82%
Attaccante Real Sociedad Antoine Griezmann
69%
Difensore Manchester United Patrice Evra
33%
Difensore Liverpool Mamadou Sakho
29%
Attaccante Olympique Marsiglia Mathieu Valbuena
25%
Centrocampista Paris Saint-Germain Yohan Cabaye
14%
Difensore Newcastle United Mathieu Debuchy
7%
Nessun quiz corrispondente trovato
Distribuzione punteggi
Percentuale di utenti per punteggio
Percentile per numero di risposta
I tuoi punteggi nel tempo
Non hai fatto questo quiz